01213nab a22002297a 4500003000400000005001700004008004100021040000700062100003100069245015300100260007300253300001500326500007200341505022600413505008900639650002900728650002200757650002700779650002100806650002300827773013300850OSt20251227001100.0190603e xxum|||| |||| 00| 0 spa d cPJ aMarcos, Guillermo Andrés10aAlgunos institutos societarios que pudieron estar incorporados en el Código Civil y Comercial y alguna discrepancia / cGuillermo Andrés Marcos. cCiudad Autónoma de Buenos Aires :aThomson Reuters La Ley, b2025. ap. 217-227 aCita: TR LALEY AR/DOC/1758/2025 Publicado en: RCCyC 2025 (agosto). aSumario: I. Introducción.— II. Mociones de orden.— III. Simples asociaciones informales.— IV. Prohibiciones e incompatibilidades para ser director.— V. Inoponibilidad de la persona jurídica.— VI. Colofón.  t¿Te interesa el texto completo? Solicitalo al correo: koha@justierradelfuego.gov.ar 0aCODIGO CIVIL Y COMERCIAL 0aDERECHO COMERCIAL 0aSOCIEDADES COMERCIALES 0aSOCIEDAD ANONIMA 0aASAMBLEA ORDINARIA0 02713dCiudad Autónoma de Buenos Aires : Thomson Reuters La Ley, 2015-tRevista Código Civil y Comercial. Nº 4 - Agosto 2025